000 00769cam a22002413a 4500
001 19448
003 PGUSA
005 20140828083419.0
008 061003s2006||||xxu|||||s|||||000 | eng d
040 _aPGUSA
_beng
042 _adc
050 4 _aS
100 1 _aHarris, Joseph,
_d1828-1892
245 1 0 _aTalks on Manures :
_bA Series of Familiar and Practical Talks Between the Author and the Deacon, the Doctor, and other Neighbors, on the Whole Subject
_h[electronic resource] /
_cJoseph Harris
260 _bProject Gutenberg,
_c2006
506 _aPublic domain in the USA.
516 _aElectronic text
653 _aFertilizers
653 _aManures
830 0 _aProject Gutenberg
_v19448
856 4 0 _uhttp://www.gutenberg.org/ebooks/19448
942 _cEB
999 _c248703
_d248703